[Event "MCR_KT28"]
[Site "?"]
[Date "2006.??.??"]
[Round "?"]
[White "Perina, Josef"]
[Black "Benes, Jiri"]
[Result "0-1"]
[WhiteElo "1851"]
[BlackElo "1720"]
[PlyCount "38"]
[EventDate "2006.??.??"]
[EventType "corr"]
[EventRounds "2"]
[SourceDate "2007.01.09"]

1. e4 g6 2. d4 Bg7 3. Nc3 c5 4. Be3 Qa5 5. Qd2 cxd4 6. Bxd4 Bxd4 7. Qxd4 Nf6 8.
Bb5 Nc6 9. Bxc6 bxc6 10. b4 Qg5 11. g3 d6 12. h4 Qg4 13. h5 g5 14. Nge2 a5 15.
f3 Qxf3 16. O-O-O axb4 17. Qxb4 O-O 18. Nd4 Qe3+ 19. Kb1 c5 0-1

[Event "MCR_KT28"]
[Site "?"]
[Date "2006.??.??"]
[Round "?"]
[White "Perina, Josef"]
[Black "Farny, Miroslav"]
[Result "1-0"]
[WhiteElo "1851"]
[BlackElo "1765"]
[PlyCount "33"]
[EventDate "2006.??.??"]
[EventType "corr"]
[EventRounds "2"]
[SourceDate "2007.01.09"]

1. e4 d6 2. d4 Nf6 3. Nc3 g6 4. Be3 Nbd7 5. Qd2 Bg7 6. h3 O-O 7. Bh6 Bxh6 8.
Qxh6 e5 9. dxe5 Nxe5 10. f4 Ned7 11. O-O-O Re8 12. Nf3 Nf8 13. e5 Nh5 14. g4
Ng7 15. Ne4 Be6 16. Nf6+ Kh8 17. Ng5 1-0

[Event "MCR_KT28"]
[Site "?"]
[Date "2006.??.??"]
[Round "?"]
[White "Benes, Jiri"]
[Black "Perina, Josef"]
[Result "1-0"]
[WhiteElo "1720"]
[BlackElo "1851"]
[PlyCount "43"]
[EventDate "2006.??.??"]
[EventType "corr"]
[EventRounds "2"]
[SourceDate "2007.01.09"]

1. c4 Nf6 2. Nc3 e5 3. Nf3 e4 4. Ng5 d5 5. cxd5 Bf5 6. d3 exd3 7. e4 Bg6 8.
Bxd3 Bd6 9. f4 h6 10. Nf3 Bc5 11. e5 Bxd3 12. Qxd3 Qe7 13. Be3 Nbd7 14. Bxc5
Nxc5 15. Qb5+ c6 16. dxc6 O-O-O 17. O-O Ne8 18. b4 Ne6 19. Nd5 Rxd5 20. Qxd5
Nxf4 21. cxb7+ Kb8 22. Qc4 1-0

[Event "MCR_KT28"]
[Site "?"]
[Date "2006.??.??"]
[Round "?"]
[White "Vlacil, Vladimir"]
[Black "Farny, Miroslav"]
[Result "1-0"]
[WhiteElo "1969"]
[BlackElo "1765"]
[PlyCount "43"]
[EventDate "2006.??.??"]
[EventType "corr"]
[EventRounds "2"]
[SourceDate "2007.01.09"]

1. e4 d6 2. d4 Nf6 3. Nc3 g6 4. Nf3 Bg7 5. Be2 O-O 6. O-O Nbd7 7. e5 Ne8 8. Bg5
h6 9. Bh4 dxe5 10. dxe5 c6 11. e6 fxe6 12. Bc4 Nc7 13. Qe2 Nb6 14. Bd3 Kh7 15.
Qe4 Qe8 16. Bg3 Ncd5 17. Nh4 Nxc3 18. bxc3 Bxc3 19. Nxg6 Bxa1 20. Nxf8+ Kg8 21.
Qh7+ Kxf8 22. Bg6 1-0

[Event "MCR_KT28"]
[Site "?"]
[Date "2006.??.??"]
[Round "?"]
[White "Farny, Miroslav"]
[Black "Vlacil, Vladimir"]
[Result "0-1"]
[WhiteElo "1765"]
[BlackElo "1969"]
[PlyCount "40"]
[EventDate "2006.??.??"]
[EventType "corr"]
[EventRounds "2"]
[SourceDate "2007.01.09"]

1. e4 c5 2. c4 Nc6 3. Nc3 e6 4. Nf3 Nf6 5. d3 d6 6. Be2 Be7 7. O-O O-O 8. Be3
a6 9. a3 b6 10. Qc1 Bb7 11. Rb1 d5 12. exd5 exd5 13. cxd5 Nxd5 14. Nxd5 Qxd5
15. Qc4 Qh5 16. Qc2 Qg6 17. Rbc1 Ne5 18. Qd1 Rad8 19. Bf4 Nxf3+ 20. Bxf3 Rxd3
0-1

[Event "MCR_KT28"]
[Site "?"]
[Date "2006.??.??"]
[Round "?"]
[White "Farny, Miroslav"]
[Black "Benes, Jiri"]
[Result "1-0"]
[WhiteElo "1765"]
[BlackElo "1720"]
[PlyCount "57"]
[EventDate "2006.??.??"]
[EventType "corr"]
[EventRounds "2"]
[SourceDate "2007.01.09"]

1. e4 g6 2. d4 Bg7 3. Nc3 c5 4. Nf3 cxd4 5. Nxd4 d6 6. Be3 Nf6 7. Be2 O-O 8.
O-O Nc6 9. Qd2 Ng4 10. Bxg4 Bxg4 11. f3 Bd7 12. Nxc6 bxc6 13. Rab1 f5 14. Bh6
Bxh6 15. Qxh6 e5 16. Rbd1 Be6 17. Qe3 f4 18. Qf2 g5 19. b3 Rf6 20. Rd3 Qe7 21.
Rfd1 Rd8 22. Qd2 Bf7 23. Na4 d5 24. c4 d4 25. Qa5 Bh5 26. h3 Bf7 27. Qc5 Rfd6
28. Kf2 Rg6 29. Qxe7 1-0

[Event "MCR_KT28"]
[Site "?"]
[Date "2006.??.??"]
[Round "?"]
[White "Benes, Jiri"]
[Black "Farny, Miroslav"]
[Result "1-0"]
[WhiteElo "1720"]
[BlackElo "1765"]
[PlyCount "63"]
[EventDate "2006.??.??"]
[EventType "corr"]
[EventRounds "2"]
[SourceDate "2007.01.09"]

1. c4 e5 2. Nc3 Nf6 3. Nf3 Nc6 4. e3 Bb4 5. Qc2 d6 6. Bd3 Bg4 7. O-O Bc5 8. a3
Bxf3 9. gxf3 Nd7 10. b4 Bb6 11. Nd5 Qg5+ 12. Kh1 O-O-O 13. a4 a5 14. b5 Na7 15.
f4 Qh5 16. Be4 Rhe8 17. fxe5 Nxe5 18. Nf4 Qh6 19. d4 Nd7 20. Bf5 g5 21. Nd5 Kb8
22. Rg1 f6 23. Qc3 Nc8 24. Ba3 Qh5 25. e4 Qf7 26. Rac1 h6 27. Rg3 Ba7 28. Qxa5
Ndb6 29. Qb4 Nxd5 30. cxd5 Nb6 31. a5 Nxd5 32. Qc4 1-0

[Event "MCR_KT28"]
[Site "?"]
[Date "2006.??.??"]
[Round "?"]
[White "Janovec, Vladimir"]
[Black "Farny, Miroslav"]
[Result "1/2-1/2"]
[WhiteElo "1905"]
[BlackElo "1765"]
[PlyCount "62"]
[EventDate "2006.??.??"]
[EventType "corr"]
[EventRounds "2"]
[SourceDate "2007.01.09"]

1. e4 c5 2. Nf3 d6 3. d4 cxd4 4. Nxd4 Nf6 5. Nc3 Nc6 6. Bc4 Qb6 7. Ndb5 a6 8.
Na3 e6 9. O-O Be7 10. Be2 Qc7 11. Bf4 O-O 12. Nc4 Ne5 13. Qd4 Nxc4 14. Qxc4
Qxc4 15. Bxc4 b5 16. Bd3 b4 17. Na4 Bb7 18. e5 dxe5 19. Bxe5 Nd7 20. Bd4 e5 21.
Rfe1 exd4 22. Rxe7 Bc6 23. b3 Bxa4 24. bxa4 Nc5 25. Rae1 Nxa4 26. R1e5 g6 27.
h3 Nc3 28. Ra5 Kg7 29. Rxa6 Rxa6 30. Bxa6 Nxa2 31. Bc4 Kf6 1/2-1/2

[Event "MCR_KT28"]
[Site "?"]
[Date "2006.??.??"]
[Round "?"]
[White "Brunclik, Vladimir"]
[Black "Vlacil, Vladimir"]
[Result "0-1"]
[WhiteElo "1927"]
[BlackElo "1969"]
[PlyCount "64"]
[EventDate "2006.??.??"]
[EventType "corr"]
[EventRounds "2"]
[SourceDate "2007.01.09"]

1. e4 c5 2. Nf3 e6 3. d4 cxd4 4. Nxd4 a6 5. Nc3 Qc7 6. Be3 Nc6 7. a3 Nf6 8. Be2
Be7 9. O-O O-O 10. Qd2 Ne5 11. f4 Nc4 12. Bxc4 Qxc4 13. e5 Ng4 14. b3 Qc6 15.
Nf5 Bd8 16. Nd6 Nxe3 17. Qxe3 Qb6 18. Qxb6 Bxb6+ 19. Kh1 Bd4 20. Rf3 f6 21. Rd1
fxe5 22. Ne2 Bc5 23. Nxc8 Raxc8 24. Rxd7 Bxa3 25. fxe5 Rxc2 26. Rxb7 Rxe2 27.
Rxf8+ Kxf8 28. g3 Rxe5 29. Ra7 a5 30. g4 Bb4 31. h3 Re3 32. Kg2 Rxb3 0-1

[Event "MCR_KT28"]
[Site "?"]
[Date "2006.??.??"]
[Round "?"]
[White "Farny, Miroslav"]
[Black "Perina, Josef"]
[Result "1/2-1/2"]
[WhiteElo "1765"]
[BlackElo "1851"]
[PlyCount "64"]
[EventDate "2006.??.??"]
[EventType "corr"]
[EventRounds "2"]
[SourceDate "2007.01.09"]

1. d4 Nf6 2. Nc3 d5 3. Nf3 e6 4. a3 c5 5. e3 Nc6 6. Bb5 a6 7. Bxc6+ bxc6 8. O-O
Bd6 9. Re1 O-O 10. Ne2 cxd4 11. exd4 c5 12. c3 a5 13. Bf4 Bxf4 14. Nxf4 Qd6 15.
Nd3 Nd7 16. b4 cxd4 17. cxd4 Re8 18. b5 a4 19. Qc2 f6 20. Qc6 Ra6 21. Qxd6 Rxd6
22. Nc5 Nb6 23. h4 Re7 24. h5 Rd8 25. Rab1 Kf7 26. Kh2 Rde8 27. Rb4 Ra7 28. g4
h6 29. Kg3 Ke7 30. Nh4 Rd8 31. f4 Kd6 32. Ng6 Bd7 1/2-1/2

[Event "MCR_KT28"]
[Site "?"]
[Date "2006.??.??"]
[Round "?"]
[White "Perina, Josef"]
[Black "Janovec, Vladimir"]
[Result "0-1"]
[WhiteElo "1905"]
[BlackElo "1851"]
[PlyCount "60"]
[EventDate "2006.??.??"]
[EventType "corr"]
[EventRounds "2"]
[SourceDate "2007.01.09"]

1. e4 c5 2. Nf3 d6 3. d4 cxd4 4. Nxd4 Nf6 5. Nc3 a6 6. Bg5 e6 7. f4 Be7 8. Qf3
Qc7 9. O-O-O Nbd7 10. g4 b5 11. Bxf6 Nxf6 12. g5 Nd7 13. f5 Bxg5+ 14. Kb1 Nc5
15. Bxb5+ axb5 16. Ndxb5 Qe7 17. Nxd6+ Kf8 18. Rhf1 e5 19. Qh5 Ba6 20. Rg1 Be3
21. Rg3 Bf4 22. Rf3 f6 23. a4 Rd8 24. Ndb5 Rxd1+ 25. Nxd1 Nxe4 26. Ka1 Qf7 27.
Qg4 Qc4 28. Nbc3 Bb5 29. axb5 Nd2 30. Re3 Qf1 0-1

[Event "MCR_KT28"]
[Site "?"]
[Date "2006.??.??"]
[Round "?"]
[White "Benes, Jiri"]
[Black "Vlacil, Vladimir"]
[Result "1-0"]
[WhiteElo "1720"]
[BlackElo "1969"]
[PlyCount "65"]
[EventDate "2006.??.??"]
[EventType "corr"]
[EventRounds "2"]
[SourceDate "2007.01.09"]

1. c4 Nf6 2. Nc3 e5 3. Nf3 Nc6 4. g3 Bb4 5. Bg2 O-O 6. O-O e4 7. Ng5 Bxc3 8.
bxc3 Re8 9. Qc2 Qe7 10. d3 exd3 11. exd3 b6 12. Bf4 Bb7 13. Rae1 Qxe1 14. Ne4
Qxf1+ 15. Kxf1 Nxe4 16. Bxe4 Na5 17. Bxb7 Nxb7 18. Bxc7 d6 19. c5 dxc5 20. Qa4
Na5 21. Qd7 Kf8 22. d4 cxd4 23. cxd4 Nc4 24. d5 Re7 25. Qc6 Rc8 26. d6 Nxd6 27.
Qxd6 Ke8 28. Bb8 Rc2 29. Bxa7 Ree2 30. Bxb6 Rcd2 31. Qb8+ Kd7 32. Qd8+ Kc6 33.
Qc7+ 1-0

[Event "MCR_KT28"]
[Site "?"]
[Date "2006.??.??"]
[Round "?"]
[White "Benes, Jiri"]
[Black "Janovec, Vladimir"]
[Result "1-0"]
[WhiteElo "1720"]
[BlackElo "1905"]
[PlyCount "73"]
[EventDate "2006.??.??"]
[EventType "corr"]
[EventRounds "2"]
[SourceDate "2007.01.09"]

1. c4 c5 2. Nf3 Nf6 3. e3 e6 4. Nc3 Be7 5. d4 cxd4 6. exd4 O-O 7. Bd3 d5 8. b3
Bb4 9. Bb2 Qa5 10. Qc2 dxc4 11. bxc4 b5 12. a3 Be7 13. cxb5 Bb7 14. O-O Bxf3
15. gxf3 Nbd7 16. Ne4 Rac8 17. Qd2 Qxd2 18. Nxd2 Nh5 19. Rfc1 Nf4 20. Bf1 Nb6
21. a4 Rxc1 22. Bxc1 Nfd5 23. a5 Nc8 24. Nc4 Rd8 25. Rb1 Rd7 26. Bd2 Bf6 27.
Ne5 Rc7 28. Bd3 h6 29. f4 Nd6 30. Rc1 Rxc1+ 31. Bxc1 Nb4 32. Ba3 Nxd3 33. Bxd6
Nxe5 34. fxe5 Bd8 35. a6 f6 36. Bc5 fxe5 37. Bxa7 1-0

[Event "MCR_KT28"]
[Site "?"]
[Date "2006.??.??"]
[Round "?"]
[White "Farny, Miroslav"]
[Black "Janovec, Vladimir"]
[Result "1-0"]
[WhiteElo "1765"]
[BlackElo "1905"]
[PlyCount "69"]
[EventDate "2006.??.??"]
[EventType "corr"]
[EventRounds "2"]
[SourceDate "2007.01.09"]

1. Nf3 d5 2. d4 h6 3. e3 e6 4. Bd3 c5 5. O-O Nf6 6. c3 Bd6 7. Ne5 Nbd7 8. f4
O-O 9. Bd2 b6 10. Be1 c4 11. Bc2 Bb7 12. Bh4 Qc7 13. Nd2 b5 14. Rf3 Ne8 15.
Nxd7 Qxd7 16. Rg3 f5 17. Qh5 Kh8 18. Rg6 a5 19. Bg5 Rf7 20. Nf3 Kg8 21. Qxh6
Qc7 22. Bh4 Be7 23. Bxe7 Rxe7 24. Ne5 Rf7 25. Nxf7 Qxf7 26. Rf1 Nf6 27. Rf3 Ng4
28. Qh5 Nf6 29. Qg5 Nh7 30. Qh6 Kh8 31. Qh5 Qg8 32. Rh3 Re8 33. g4 Bc8 34. gxf5
exf5 35. Bxf5 1-0

[Event "MCR_KT28"]
[Site "?"]
[Date "2006.??.??"]
[Round "?"]
[White "Brunclik, Vladimir"]
[Black "Janovec, Vladimir"]
[Result "1-0"]
[WhiteElo "1927"]
[BlackElo "1905"]
[PlyCount "61"]
[EventDate "2006.??.??"]
[EventType "corr"]
[EventRounds "2"]
[SourceDate "2007.01.09"]

1. e4 e5 2. Nf3 d6 3. d4 Nf6 4. dxe5 Nxe4 5. Bc4 c6 6. Nbd2 Nxd2 7. Bxd2 d5 8.
Bb3 Bc5 9. c4 Qb6 10. O-O dxc4 11. Bxc4 O-O 12. Qc2 Be7 13. h3 Na6 14. a3 Be6
15. Bxe6 fxe6 16. Be3 c5 17. Rac1 Qc7 18. Qc4 Qc6 19. b4 b5 20. Qg4 Qb6 21.
Rfd1 Rac8 22. Bg5 Rf7 23. Bxe7 Rxe7 24. Rd6 Qb7 25. bxc5 Nc7 26. Ng5 Rce8 27.
c6 Qc8 28. Rcd1 a5 29. Rd7 h6 30. Ne4 Kh8 31. Qg6 1-0

[Event "MCR_KT28"]
[Site "?"]
[Date "2006.??.??"]
[Round "?"]
[White "Janovec, Vladimir"]
[Black "Brunclik, Vladimir"]
[Result "1/2-1/2"]
[WhiteElo "1905"]
[BlackElo "1927"]
[PlyCount "64"]
[EventDate "2006.??.??"]
[EventType "corr"]
[EventRounds "2"]
[SourceDate "2007.01.09"]

1. e4 e5 2. Nf3 Nf6 3. Nc3 Nc6 4. d4 exd4 5. Nxd4 Bb4 6. Nxc6 bxc6 7. Bd3 O-O
8. O-O Re8 9. Qf3 h6 10. Be3 d6 11. Bd4 Ng4 12. a3 Ba5 13. Bc4 Qd7 14. h3 Ne5
15. Qg3 Bb6 16. Bxb6 cxb6 17. Be2 Qe7 18. f4 Nd7 19. Rad1 Nf6 20. Bf3 Bb7 21.
Qf2 Rad8 22. b4 Rd7 23. Rfe1 Qd8 24. Re2 Qc7 25. b5 c5 26. Rde1 Rde7 27. Nd5
Nxd5 28. exd5 Rxe2 29. Rxe2 Qd8 30. Rxe8+ Qxe8 31. c4 a6 32. a4 a5 1/2-1/2

[Event "MCR_KT28"]
[Site "?"]
[Date "2006.??.??"]
[Round "?"]
[White "Farny, Miroslav"]
[Black "Brunclik, Vladimir"]
[Result "1-0"]
[WhiteElo "1765"]
[BlackElo "1927"]
[PlyCount "71"]
[EventDate "2006.??.??"]
[EventType "corr"]
[EventRounds "2"]
[SourceDate "2007.01.09"]

1. d4 Nf6 2. c4 g6 3. Nc3 Bg7 4. e4 d6 5. Be2 O-O 6. Nf3 Nbd7 7. O-O c5 8. e5
dxe5 9. dxe5 Ne8 10. Qd3 Nc7 11. Qe4 f5 12. exf6 exf6 13. Re1 Re8 14. Qc2 b6
15. Bf4 Ne6 16. Bg3 Bb7 17. Rad1 a6 18. Qa4 Nef8 19. Nd5 Rc8 20. Bd3 Rxe1+ 21.
Rxe1 Kh8 22. Ne7 Ra8 23. Nc6 Qc8 24. Be4 b5 25. cxb5 axb5 26. Qxb5 Bxc6 27.
Bxc6 Rxa2 28. h3 Bh6 29. Bd6 Ra7 30. Kh2 Qd8 31. g3 g5 32. Bxf8 Nxf8 33. Qxc5
Qa5 34. Qxa5 Rxa5 35. b4 Ra2 36. Kg2 1-0

[Event "MCR_KT28"]
[Site "?"]
[Date "2006.??.??"]
[Round "?"]
[White "Brunclik, Vladimir"]
[Black "Farny, Miroslav"]
[Result "0-1"]
[WhiteElo "1927"]
[BlackElo "1765"]
[PlyCount "66"]
[EventDate "2006.??.??"]
[EventType "corr"]
[EventRounds "2"]
[SourceDate "2007.01.09"]

1. e4 d6 2. d4 Nf6 3. Nc3 g6 4. f4 Bg7 5. Nf3 O-O 6. Bd3 c6 7. O-O b5 8. a3
Nbd7 9. Qe2 Nb6 10. d5 cxd5 11. e5 Ng4 12. h3 Nh6 13. exd6 Qxd6 14. Nxb5 Qd8
15. Re1 Re8 16. Nbd4 Qc7 17. g4 Nc4 18. b3 Nd6 19. Rb1 a6 20. Bb2 e6 21. Qd2
Bb7 22. Qc3 Qb8 23. Ne5 Qd8 24. Qb4 Qc7 25. c4 f6 26. cxd5 fxe5 27. fxe5 Nb5
28. d6 Qd8 29. Nxb5 axb5 30. Bxb5 Qh4 31. Re3 Rf8 32. Qe1 Qd8 33. Rc1 Qb6 0-1

[Event "MCR_KT28"]
[Site "?"]
[Date "2006.??.??"]
[Round "?"]
[White "Vlacil, Vladimir"]
[Black "Brunclik, Vladimir"]
[Result "0-1"]
[WhiteElo "1969"]
[BlackElo "1927"]
[PlyCount "80"]
[EventDate "2006.??.??"]
[EventType "corr"]
[EventRounds "2"]
[SourceDate "2007.01.09"]

1. e4 e5 2. Nf3 Nf6 3. Nc3 Nc6 4. Bb5 Bb4 5. O-O O-O 6. d3 d6 7. Bg5 Bxc3 8.
bxc3 Qe7 9. Re1 Nd8 10. d4 Bg4 11. h3 Bh5 12. g4 Bg6 13. d5 c6 14. Bd3 Rc8 15.
c4 h6 16. Bh4 b6 17. Nd2 Bh7 18. g5 Nd7 19. Qg4 hxg5 20. Bxg5 f6 21. Bh4 Nb7
22. Nb3 Nbc5 23. Rad1 Qf7 24. Qg2 Qh5 25. dxc6 Rxc6 26. Qg4 Bg6 27. Kh2 Kf7 28.
Bg3 Qh7 29. Qh4 Nxd3 30. cxd3 Bh5 31. f4 Rg8 32. f5 Nf8 33. Bf2 Bxd1 34. Rxd1
Qxh4 35. Bxh4 Rh8 36. Bf2 g6 37. fxg6+ Nxg6 38. Bg3 Ke6 39. a4 Rc7 40. Kg2 Rg7
0-1

[Event "MCR_KT28"]
[Site "?"]
[Date "2006.??.??"]
[Round "?"]
[White "Janovec, Vladimir"]
[Black "Perina, Josef"]
[Result "1-0"]
[WhiteElo "1905"]
[BlackElo "1851"]
[PlyCount "86"]
[EventDate "2006.??.??"]
[EventType "corr"]
[EventRounds "2"]
[SourceDate "2007.01.09"]

1. e4 e5 2. Nf3 Nc6 3. Bb5 Bc5 4. c3 Nf6 5. O-O O-O 6. d4 Bb6 7. Bg5 exd4 8. e5
h6 9. Bh4 g5 10. Bxc6 dxc6 11. Bxg5 hxg5 12. exf6 Qxf6 13. Qd2 c5 14. Nxg5 Re8
15. Na3 dxc3 16. bxc3 Ba5 17. Rfe1 Bf5 18. Re3 Rad8 19. Rxe8+ Rxe8 20. Rc1 Rd8
21. Qe3 Bxc3 22. Nc4 Bd4 23. Qg3 Kf8 24. Nf3 b5 25. Nxd4 cxd4 26. Nd2 d3 27.
Qe3 Qd4 28. Qh6+ Kg8 29. Qg5+ Bg6 30. Qxb5 Qf4 31. Qa5 Re8 32. g3 Qd4 33. Nb3
Qb2 34. Rf1 a6 35. h3 c6 36. h4 Re5 37. Qb6 c5 38. Qxa6 Qc3 39. Qf6 c4 40. Nd2
Qxd2 41. Qxe5 Qh6 42. Qd4 Qh5 43. Rb1 Kh7 1-0

[Event "MCR_KT28"]
[Site "?"]
[Date "2006.??.??"]
[Round "?"]
[White "Vlacil, Vladimir"]
[Black "Perina, Josef"]
[Result "0-1"]
[WhiteElo "1969"]
[BlackElo "1851"]
[PlyCount "70"]
[EventDate "2006.??.??"]
[EventType "corr"]
[EventRounds "2"]
[SourceDate "2007.01.09"]

1. e4 e5 2. Nf3 Nc6 3. Bb5 Nf6 4. O-O Bc5 5. c3 O-O 6. d4 Bb6 7. a4 a5 8. Bg5
h6 9. Bh4 d6 10. Re1 exd4 11. Bxc6 bxc6 12. Nxd4 g5 13. Bg3 c5 14. Nc2 d5 15.
e5 Ne4 16. Nd2 Nxg3 17. hxg3 Qd7 18. b3 Qe6 19. Qf3 c6 20. Rad1 f6 21. exf6 Qf5
22. Qxf5 Bxf5 23. Ne3 Bc8 24. Nf3 Rxf6 25. Ne5 h5 26. g4 Re6 27. Nf5 hxg4 28.
Nxc6 Kf7 29. Rxe6 Bxe6 30. Nh6+ Kf6 31. Nxg4+ Bxg4 32. Rxd5 Be6 33. Rd2 Rc8 34.
Rd6 Bc7 35. Rd3 Bxb3 0-1

[Event "MCR_KT28"]
[Site "?"]
[Date "2006.??.??"]
[Round "?"]
[White "Vlacil, Vladimir"]
[Black "Janovec, Vladimir"]
[Result "1/2-1/2"]
[WhiteElo "1969"]
[BlackElo "1905"]
[PlyCount "86"]
[EventDate "2006.??.??"]
[EventType "corr"]
[EventRounds "2"]
[SourceDate "2007.01.09"]

1. e4 e5 2. Nf3 d6 3. d4 Nf6 4. Nc3 Nbd7 5. Bc4 Be7 6. O-O O-O 7. Re1 c6 8. a4
exd4 9. Nxd4 a5 10. Nf5 Ne5 11. Bf1 Bxf5 12. exf5 Re8 13. Bg5 Nfg4 14. Bxe7
Rxe7 15. h3 Nf6 16. f4 Ned7 17. Qxd6 Rxe1 18. Rxe1 Qb6+ 19. Kh2 Qxb2 20. Qd2
Nc5 21. g4 Qb4 22. Rd1 h5 23. g5 Nfe4 24. Nxe4 Qxe4 25. g6 fxg6 26. fxg6 Qxg6
27. Bc4+ Kh8 28. Rg1 Qe4 29. Bf7 Ne6 30. Bxe6 Qxe6 31. Qd4 Qf7 32. Rg5 Rf8 33.
f5 Kg8 34. h4 Kh8 35. Qe5 Rd8 36. Qxa5 Rd5 37. Qb4 Rxf5 38. Rxf5 Qxf5 39. Qxb7
Qxc2+ 40. Kg1 Qc5+ 41. Kh1 Qd5+ 42. Kh2 Qe5+ 43. Kh1 Qe4+ 1/2-1/2

[Event "MCR_KT28"]
[Site "?"]
[Date "2006.??.??"]
[Round "?"]
[White "Janovec, Vladimir"]
[Black "Vlacil, Vladimir"]
[Result "0-1"]
[WhiteElo "1905"]
[BlackElo "1969"]
[PlyCount "77"]
[EventDate "2006.??.??"]
[EventType "corr"]
[EventRounds "2"]
[SourceDate "2007.01.09"]

1. d4 Nf6 2. c4 g6 3. Nc3 Bg7 4. e4 d6 5. f3 O-O 6. Be3 e5 7. d5 c6 8. Bd3 cxd5
9. cxd5 Nbd7 10. Nge2 Nc5 11. Bxc5 dxc5 12. O-O Ne8 13. Qb3 a6 14. Qa3 b6 15.
b4 Bh6 16. Nd1 cxb4 17. Qxb4 Nd6 18. Rb1 b5 19. Nf2 Qb6 20. Qb2 Re8 21. a4 Be3
22. axb5 axb5 23. Ng3 Bd7 24. Qe2 Ra3 25. Rfd1 Rea8 26. Nf1 Bd4 27. Rbc1 b4 28.
Rd2 b3 29. Rb1 Ra2 30. h3 Rxd2 31. Nxd2 Ra2 32. Rd1 Bb5 33. Kf1 Bxf2 34. Bxb5
Nxb5 35. Qxf2 Qxf2+ 36. Kxf2 Nc3 37. Ke1 Nxd1 38. Nxb3 Ne3 39. g3 0-1

[Event "MCR_KT28"]
[Site "?"]
[Date "2006.??.??"]
[Round "?"]
[White "Brunclik, Vladimir"]
[Black "Benes, Jiri"]
[Result "0-1"]
[WhiteElo "1927"]
[BlackElo "1720"]
[PlyCount "88"]
[EventDate "2006.??.??"]
[EventType "corr"]
[EventRounds "2"]
[SourceDate "2007.01.09"]

1. e4 g6 2. d4 Bg7 3. Nc3 c5 4. d5 d6 5. Bb5+ Nd7 6. Nge2 a6 7. Bxd7+ Bxd7 8.
O-O Nf6 9. f3 b5 10. a3 a5 11. Be3 b4 12. Nb1 O-O 13. c3 bxc3 14. Nbxc3 a4 15.
Qd2 Rb8 16. Rab1 Re8 17. Qc2 Qa5 18. Rfd1 Rb7 19. Nc1 Reb8 20. Nd3 Ne8 21. Bd2
Nc7 22. Kh1 Nb5 23. Ne2 Qa6 24. Be3 e6 25. Ndf4 e5 26. Nd3 Nd4 27. Nxd4 exd4
28. Bf4 Re8 29. Rd2 f5 30. Nf2 Rf8 31. Rc1 fxe4 32. Qxe4 Rb6 33. Qe7 Qb7 34.
Qg5 Bf5 35. Qg3 Rxb2 36. Rxb2 Qxb2 37. Rg1 Qa2 38. Bxd6 Rc8 39. Ne4 Qxd5 40.
Nxc5 Rxc5 41. Bxc5 Qxc5 42. Qb8+ Bf8 43. Qd8 Bc2 44. Re1 d3 0-1

[Event "MCR_KT28"]
[Site "?"]
[Date "2006.??.??"]
[Round "?"]
[White "Perina, Josef"]
[Black "Vlacil, Vladimir"]
[Result "0-1"]
[WhiteElo "1851"]
[BlackElo "1969"]
[PlyCount "70"]
[EventDate "2006.??.??"]
[EventType "corr"]
[EventRounds "2"]
[SourceDate "2007.01.09"]

1. e4 c5 2. Nf3 e6 3. d4 cxd4 4. Nxd4 a6 5. Nc3 Qc7 6. Bd3 Nf6 7. O-O Nc6 8.
Nb3 Be7 9. a4 b6 10. f4 d6 11. Be3 Bb7 12. h3 Nd7 13. Qg4 O-O 14. Rae1 Nb4 15.
Nd4 Kh8 16. Qg3 Nc5 17. Bd2 d5 18. e5 Ne4 19. Bxe4 dxe4 20. Be3 Nc6 21. Nce2
Bc5 22. c3 Rad8 23. Kh2 Ne7 24. Rc1 Qd7 25. b3 Nf5 26. Qf2 Nxe3 27. Qxe3 a5 28.
Rfd1 Qe8 29. Ng3 f5 30. exf6 gxf6 31. Nxe4 Qg6 32. Ng3 Rg8 33. f5 exf5 34. Rf1
Bd6 35. Ndxf5 Bxg3+ 0-1

[Event "MCR_KT28"]
[Site "?"]
[Date "2006.??.??"]
[Round "?"]
[White "Benes, Jiri"]
[Black "Brunclik, Vladimir"]
[Result "1-0"]
[WhiteElo "1720"]
[BlackElo "1927"]
[PlyCount "92"]
[EventDate "2006.??.??"]
[EventType "corr"]
[EventRounds "2"]
[SourceDate "2007.01.09"]

1. c4 Nf6 2. Nc3 g6 3. d4 Bg7 4. e4 d6 5. Nf3 O-O 6. Be2 Nbd7 7. O-O c5 8. e5
dxe5 9. dxe5 Ne8 10. Qd3 Nc7 11. Rd1 Ne6 12. Qe4 Qe8 13. Re1 Rb8 14. Bf1 b6 15.
Nd5 f6 16. exf6 Nxf6 17. Qh4 Rb7 18. Bh6 Bxh6 19. Qxh6 Nxd5 20. cxd5 Rxf3 21.
gxf3 Nd4 22. Re4 Bf5 23. Re3 Nc2 24. Rd1 Nxe3 25. fxe3 Rb8 26. e4 Bd7 27. Qf4
Rc8 28. Ba6 Qf8 29. Qg3 Re8 30. e5 Qh6 31. f4 Rf8 32. Rf1 Qh5 33. Bd3 Bc8 34.
Bc4 Kh8 35. Qg5 Qh3 36. e6 Qe3+ 37. Rf2 Qe1+ 38. Bf1 Kg8 39. f5 Qxf2+ 40. Kxf2
Rxf5+ 41. Qxf5 gxf5 42. Bb5 Kf8 43. Kg3 Bb7 44. Bc6 Ba6 45. Kf4 Bd3 46. a3 Bb1
1-0

[Event "MCR_KT28"]
[Site "?"]
[Date "2006.??.??"]
[Round "?"]
[White "Janovec, Vladimir"]
[Black "Benes, Jiri"]
[Result "0-1"]
[WhiteElo "1905"]
[BlackElo "1720"]
[PlyCount "102"]
[EventDate "2006.??.??"]
[EventType "corr"]
[EventRounds "2"]
[SourceDate "2007.01.09"]

1. e4 g6 2. d4 Bg7 3. c3 d5 4. e5 Nh6 5. Be2 O-O 6. Nf3 c5 7. Bf4 cxd4 8. cxd4
Bg4 9. Bxh6 Bxh6 10. O-O Nc6 11. Nc3 Rc8 12. h3 Be6 13. Qb3 Qc7 14. Rad1 Rfd8
15. Bd3 Na5 16. Qa3 a6 17. Rfe1 b5 18. Re2 Rb8 19. Qc5 Qxc5 20. dxc5 Nc6 21. a3
d4 22. Ne4 Bb3 23. Bc2 Bc4 24. Ree1 d3 25. Bb1 b4 26. Ned2 Be6 27. Ne4 bxa3 28.
bxa3 Rb3 29. Ba2 Rxa3 30. Bxe6 fxe6 31. Ra1 Rxa1 32. Rxa1 d2 33. Rd1 a5 34. Kf1
a4 35. Ke2 a3 36. Nc3 Nb4 37. Ra1 Rd3 38. Nd1 Kf8 39. c6 Ke8 40. g3 Kd8 41. Nh2
Rb3 42. Nf3 a2 43. Nd4 Rb1 44. Rxa2 Nxa2 45. f4 Nc1+ 46. Kxd2 Nb3+ 47. Kc2
Nxd4+ 48. Kxb1 Ne2 49. Kc2 Nxg3 50. Nf2 Bxf4 51. Nd3 g5 0-1

[Event "MCR_KT28"]
[Site "?"]
[Date "2006.??.??"]
[Round "?"]
[White "Brunclik, Vladimir"]
[Black "Perina, Josef"]
[Result "1/2-1/2"]
[WhiteElo "1927"]
[BlackElo "1851"]
[PlyCount "101"]
[EventDate "2006.??.??"]
[EventType "corr"]
[EventRounds "2"]
[SourceDate "2007.01.09"]

1. e4 e5 2. Nf3 Nc6 3. Bc4 Nf6 4. Ng5 d5 5. exd5 Na5 6. Bb5+ c6 7. dxc6 bxc6 8.
Be2 h6 9. Nh3 Bc5 10. O-O O-O 11. d3 Nb7 12. Bf3 Bd7 13. Nc3 Re8 14. Re1 Qc7
15. Ne4 Nxe4 16. Rxe4 Nd6 17. Re1 Rad8 18. Bg4 f5 19. Bh5 Re6 20. Be3 Bb6 21.
c3 g6 22. Bf3 g5 23. Qd2 Bxe3 24. Rxe3 g4 25. Bd1 gxh3 26. Bb3 Nf7 27. Bxe6
Bxe6 28. Rxh3 f4 29. Rh5 Qd7 30. d4 c5 31. Qc2 cxd4 32. cxd4 Qxd4 33. Rxh6 Bf5
34. Qb3 e4 35. Ra6 e3 36. fxe3 fxe3 37. Ra4 Qd2 38. Rf4 e2 39. Qg3+ Kf8 40. Re1
Qc2 41. Qa3+ Kg8 42. Kf2 Re8 43. Qxa7 Ne5 44. Kg1 Rd8 45. Rd4 Rf8 46. Qe7 Nc6
47. Qg5+ Kh8 48. Rd2 Qc5+ 49. Kh1 Ne5 50. Rdxe2 Ng4 51. h3 1/2-1/2